000 00469nmm a2200169Ia 4500
008 251105s9999||||xx |||||||||||||||||und||
020 _a9789681666859
041 _aspa
100 _aGarcía Ponce, Juan
245 0 _aEl gato
264 _a[México D.C., Mexico] :
_bFondo de Cultura Económica,
_c2014
300 _a197 páginas
490 _aLetras Mexicanas
650 _aErotic novel
856 _uhttps://public.digitaliapublishing.com/a/43518
942 _cCF
999 _c96934
_d96934